| 000 | 00393nam a22001577a 4500 | ||
|---|---|---|---|
| 020 | _a9788131786987 | ||
| 082 | _a005.133 PRA | ||
| 100 | _aPrata, Stephen. | ||
| 245 | _aC++ primer plus | ||
| 250 | _a6th ed. | ||
| 260 |
_aNew Delhi, India _bPearson Education _c2012 |
||
| 300 |
_axii, 1420 p. _bill. ; |
||
| 500 | _aIncludes index. | ||
| 650 | _aC++ (Computer program language) | ||
| 942 | _cBK | ||
| 999 |
_c12663 _d12663 |
||